000 00495 a2200205 4500
005 20250503151806.0
008 250220b |||||||| |||| 00| 0 eng d
020 _a9789353508852
_cRs. 850.00
040 _aMAIN
082 _a658.4092
_bD131L(8)
100 _aDaft, Richard L
245 _aLeadership experience
250 _a8th
260 _bCengage India
_aDelhi
_c2024
300 _axix, 620
650 _aManagement
650 _aLeadership
650 _aMotivation
942 _cBK
999 _c359978
_d359978